000 00863cab a2200253 4500
001 WB3504-14
008 090401t1999 xxu||||| |||| 00| 0 eng d
035 _a(Sirsi) u90954
041 _aeng
245 _aCPOs to shut unlicensed bars
260 _c1999
350 _a0
490 _aEvening Standard
_v26 January 1999, 1(1)
520 _aWestminster council plans to buy out illegal sex shops and hostess bars in London using compulsory purchase orders. The properties will then be available for redevelopment.
650 _aCompulsory purchase
_96228
650 _aILLEGAL PREMISES
650 _aLONDON
650 _aREDEVELOPMENT
650 _aUNLICENSED BARS
650 _aWEST END OF LONDON
690 _aENVIRONMENTAL AND LAND CONSULTANCY-PLANNING AND DEVELOPMENT-COMPULSORY PURCHASE AND COMPENSATION
942 _n0
948 _c27/01/1999
999 _c57703
_d57703